000 00442nam a2200181Ia 4500
005 20240823033850.0
008 240823s9999||||xx |||||||||||||| ||und||
041 _aENGLISH
082 _A515.63 N5
100 _aWeatherburn C E
245 0 _aElementary Vector Analysis
250 _a1st
260 _c1965
_bEnglish Language book so
500 _aTRANSFERED
650 _aVector Analysis
_bMathematics
942 _cBK
999 _c196844
_d196844